000 00325nam a2200121Ia 4500
008 190722s9999 xx 000 0 und d
020 _a978-81-265-5913-8
100 _aLarose, Larose
245 0 _aData Mining and Predictive Analytics
260 _aNew Delhi
_bJohn Wiley & Sons.Inc. (India)
_c2016
300 _a794
942 _cBK
999 _c293
_d293